كيف يعمل المرقب و المجهر : (رقم التسجيلة. 62544)

تفاصيل مارك
000 -LEADER
fixed length control field 00663nam a22002057a 4500
005 - DATE AND TIME OF LATEST TRANSACTION
control field 20251108171804.0
008 - FIXED-LENGTH DATA ELEMENTS--GENERAL INFORMATION
fixed length control field 250721s1980 xx 000 0 ara d
082 14 - DEWEY DECIMAL CLASSIFICATION NUMBER
Classification number ط/578/ورف
100 1# - MAIN ENTRY--PERSONAL NAME
Personal name ورفيل، روى
245 10 - TITLE STATEMENT
Title كيف يعمل المرقب و المجهر :
Remainder of title التلسكوب و الميكروسكوب /
264 1# - PRODUCTION, PUBLICATION, DISTRIBUTION, MANUFACTURE, AND COPYRIGHT NOTICE
Place of production, publication, distribution, manufacture بيروت :
Name of producer, publisher, distributor, manufacturer مكتبة لبنان،
Date of production, publication, distribution, manufacture, or copyright notice 1980.
300 ## - PHYSICAL DESCRIPTION
Extent 51ص : مص.
490 0# - SERIES STATEMENT
Series statement كيف تعمل
Volume/sequential designation 8
650 17 - SUBJECT ADDED ENTRY--TOPICAL TERM
Topical term or geographic name as entry element التلسكوب
650 17 - SUBJECT ADDED ENTRY--TOPICAL TERM
Topical term or geographic name as entry element المجاهر
653 ## - INDEX TERM--UNCONTROLLED
Uncontrolled term ناشاون صغار (10-14)سنه
700 1# - ADDED ENTRY--PERSONAL NAME
Personal name الخطيب، أحمد شفيق
Relator term ترجمة
942 ## - ADDED ENTRY ELEMENTS (KOHA)
Source of classification or shelving scheme Dewey Decimal Classification
Koha item type كتب
المقتنيات
حالة السحب حالة الفقدان مصدر التصنيف حالة التلف غير قابل للإعارة المكتبة الرئيسية المكتبة الحالية موقع الرف تاريخ التزويد الرقم المتسلسل Total Checkouts رقم الإستدعاء تاريخ آخر ظهور تاريخ الفاتورة نوع المادة (كوها) الباركود
    Dewey Decimal Classification     مكتبة الاميرة بديعة مكتبة الاميرة بديعة الأطفال 14/05/2009 1273191   ط/578/ورف 28/07/2025 14/05/2009 كتب PLD00090899
    Dewey Decimal Classification Unchecked   مكتبة البراءة للأطفال مكتبة البراءة للأطفال الأطفال 28/07/2025 366748   ط/578/ورف 28/07/2025 28/07/2025 كتب  
    Dewey Decimal Classification     مكتبة الراية الهاشمية للأطفال مكتبة الراية الهاشمية للأطفال الأطفال 03/10/2015 296095   ط/578/ورف 28/07/2025 03/10/2015 كتب PLD00350985
    Dewey Decimal Classification     مكتبة الياسمين للأطفال مكتبة الياسمين للأطفال الأطفال 26/03/2014 557286   ط/578/ورف 28/07/2025 26/03/2014 كتب PLD00296678
    Dewey Decimal Classification     مكتبة بدر الجديدة للأطفال مكتبة بدر الجديدة للأطفال الأطفال 12/10/2015 400318   ط/578/ورف 28/07/2025 12/10/2015 كتب PLD00355326
    Dewey Decimal Classification     مكتبة وادي السير العامة مكتبة وادي السير العامة الأطفال 13/05/2009 1273188   ط/578/ورف 28/07/2025 13/05/2009 كتب PLD00089300
    Dewey Decimal Classification     مكتبة ومركز فرح مكتبة ومركز فرح الأطفال 14/05/2009 1273192   ط/578/ورف 28/07/2025 14/05/2009 كتب PLD00090893
    Dewey Decimal Classification     مكتبةمؤتة مكتبةمؤتة الأطفال 14/05/2009 1273190   ط/578/ورف 28/07/2025 14/05/2009 كتب PLD00090892
Implemented & Customized by: BBB with SCIT (Smart Chains for Information Technology)

Powered by Koha